| 000 | 01483nam a2200277Ia 4500 | ||
|---|---|---|---|
| 999 |
_c3612 _d3612 |
||
| 003 | OSt | ||
| 005 | 20200414134403.0 | ||
| 008 | 191128s2007 ck gr 000 0 spa d | ||
| 020 | _a9789589789728 | ||
| 082 | 0 | 4 |
_a302.2 / _bR436t |
| 100 | 1 |
_aRestrepo, Gabriel, _e autor _93006 |
|
| 245 | 0 |
_aLas tramas de telémaco : _buna nueva stoa: portales y pasajes para re-significar la ciudad-región-nación-mundo / _cGabriel Andrés Gordillo, Jimmy Morales, Luis Carlos Medina, Gloria Bulla, Edward Morales, [ y otros 4] |
|
| 260 |
_aBogotá : _bUniversidad Autónoma de Colombia, Sistema Universitario de Investigaciones, _c2007 |
||
| 300 |
_a204 páginas ; _c23 cm. |
||
| 505 | _aTelémaco global: entre la trama y la red -- Telémaco local: de la ciudad letrada a la ciudad democrática --Telémaco glocal: tramas teóricas para un vaivén -- En el umbral de un portal : telémaco en perspectiva | ||
| 520 | _aUn mismo principio, explorado desde poliedros epistemológicos, históricos, sociológos y psicológicos hilvana la construcción del proyecto de este libro y del portal: el conpeto de trama. | ||
| 650 | 1 | 4 |
_aComunicación _93007 |
| 650 | 2 | 4 |
_aRedes sociales _93008 |
| 650 | 2 | 4 |
_aRedes de información _91832 |
| 650 | 2 | 4 |
_aMedios de comunicación de masas _93009 |
| 700 | 1 |
_aMorales, Jimmy, _eautor _93010 |
|
| 700 | 1 |
_aMedina, Luis Carlos, _eautor _93011 |
|
| 700 | 1 |
_aBulla, Gloria, _eautor _93012 |
|
| 700 | 1 |
_aMorales, Edward, _eautor _93013 |
|
| 942 |
_2ddc _cBK |
||